Countries 1-196 By Date - Statistics

General Stats
  • This quiz has been taken 81 times
    46 since last reset
  • The average score is 13 of 196
Answer Stats
Continent Year Country % Correct
Africa 3,100 BC Egypt
81%
Asia 3,200 BC Iran
71%
Africa 2011 South Sudan
48%
Europe 2008 Kosovo
45%
Europe 800 BC Greece
42%
Asia 2,070 BC China
39%
North America 1776 United States
39%
Oceania 1994 Palau
29%
Oceania 1901 Australia
23%
Europe/Asia 860 Russia
23%
Asia/Europe 1037 Turkey
23%
Asia 2,879 BC Vietnam
23%
South America 1810 Argentina
19%
Africa 50 Ethiopia
19%
Asia 1948 Israel
19%
Asia 209 BC Mongolia
19%
South America 1810 Chile
16%
South America 1810 Colombia
16%
North America 1804 Haiti
16%
Asia 2,000 BC India
16%
Oceania 1907 New Zealand
16%
Asia 2,333 BC North Korea
16%
Africa 1,070 BC Sudan
16%
South America 1811 Venezuela
16%
South America 1825 Bolivia
13%
North America 1867 Canada
13%
Africa 1957 Ghana
13%
Asia 400 Japan
13%
North America 1810 Mexico
13%
South America 1811 Paraguay
13%
Europe 301 San Marino
13%
South America 1975 Suriname
13%
Africa 1962 Algeria
10%
Oceania 1986 Federal States of Micronesia
10%
Asia 1,300 BC Georgia
10%
Europe 1871 Germany
10%
North America 1821 Guatemala
10%
Asia 1991 Kyrgyzstan
10%
Oceania 1986 Marshall Islands
10%
South America 1821 Peru
10%
Asia 377 BC Sri Lanka
10%
Asia 1991 Tajikistan
10%
Asia 1991 Turkmenistan
10%
South America 1815 Uruguay
10%
Asia 190 BC Armenia
6%
Europe 1990 Belarus
6%
South America 1822 Brazil
6%
Europe 681 Bulgaria
6%
Asia 802 Cambodia
6%
North America 1821 Costa Rica
6%
North America 1902 Cuba
6%
South America 1822 Ecuador
6%
North America 1821 El Salvador
6%
Oceania 1970 Fiji
6%
Europe 1917 Finland
6%
Europe 843 France
6%
South America 1966 Guyana
6%
North America 1821 Honduras
6%
Europe 1861 Italy
6%
Asia 1991 Kazakhstan
6%
Africa 1847 Liberia
6%
Europe 1991 Macedonia
6%
Europe 1991 Moldova
6%
Africa 789 Morocco
6%
Asia 849 Myanmar
6%
Africa 1990 Namibia
6%
Asia 1768 Nepal
6%
North America 1821 Nicaragua
6%
Asia 1947 Pakistan
6%
North America 1821 Panama
6%
Europe 1991 Slovenia
6%
Africa 200 BC Somalia
6%
Africa 1910 South Africa
6%
Asia 1948 South Korea
6%
Asia 1238 Thailand
6%
Oceania 1845 Tonga
6%
Africa 1956 Tunisia
6%
Oceania 1978 Tuvalu
6%
Europe 756 Vatican City
6%
Asia 1918 Azerbaijan
3%
North America 1973 Bahamas
3%
Asia 1971 Bangladesh
3%
North America 1966 Barbados
3%
Asia 1984 Brunei
3%
Europe 870 Czech Republic
3%
Europe 980 Denmark
3%
Africa 1977 Djibouti
3%
North America 1821 Dominican Republic
3%
Europe 1918 Estonia
3%
North America 1974 Grenada
3%
Africa 1958 Guinea
3%
Asia 1945 Indonesia
3%
Asia 1926 Iraq
3%
North America 1962 Jamaica
3%
Asia 1946 Jordan
3%
Oceania 1979 Kiribati
3%
Asia 1354 Laos
3%
Asia 1943 Lebanon
3%
Africa 1951 Libya
3%
Europe 1815 Luxembourg
3%
Asia 1957 Malaysia
3%
Africa 1230 Mali
3%
Europe 1297 Monaco
3%
Oceania 1968 Nauru
3%
Europe 1581 Netherlands
3%
Africa 1960 Niger
3%
Africa 1960 Nigeria
3%
Asia 751 Oman
3%
Oceania 1975 Papua New Guinea
3%
Africa 1960 Republic of the Congo
3%
Europe 1878 Romania
3%
North America 1983 Saint Kitts and Nevis
3%
Oceania 1962 Samoa
3%
Asia 1744 Saudi Arabia
3%
Europe 768 Serbia
3%
Africa 1976 Seychelles
3%
Europe 1939 Slovakia
3%
Oceania 1978 Solomon Islands
3%
Europe Unkown Sweden
3%
Europe 1291 Switzerland
3%
Asia 1946 Syria
3%
North America 1962 Trinidad and Tobago
3%
Oceania 1980 Vanuatu
3%
Asia 1709 Afghanistan
0%
Europe 1912 Albania
0%
Europe 1278 Andorra
0%
Africa 1975 Angola
0%
North America 1981 Antigua and Barbuda
0%
Europe 1918 Austria
0%
Asia 1971 Bahrain
0%
Europe 1830 Belgium
0%
North America 1981 Belize
0%
Africa 1960 Benin
0%
Asia 1634 Bhutan
0%
Europe 1377 Bosnia and Herzegovina
0%
Africa 1966 Botswana
0%
Africa 1960 Burkina-Faso
0%
Africa 1962 Burundi
0%
Africa 1960 Cameroon
0%
Africa 1975 Cape Verde
0%
Africa 1960 Central African Republic
0%
Africa 1960 Chad
0%
Africa 1975 Comoros
0%
Africa 1960 Côte d'Ivoire
0%
Europe 879 Croatia
0%
Europe 1960 Cyprus
0%
North America 1978 Dominica
0%
Africa 1885 D.R. Congo
0%
Africa 1968 Equatorial Guinea
0%
Africa 1137 Eritrea
0%
Africa 1960 Gabon
0%
Africa 1965 Gambia
0%
Africa 1973 Guinea-Bissau
0%
Europe 895 Hungary
0%
Europe 930 Iceland
0%
Europe 1171 Ireland
0%
Africa 1963 Kenya
0%
Asia 1961 Kuwait
0%
Europe 1918 Latvia
0%
Africa 1822 Lesotho
0%
Europe 1719 Liechtenstein
0%
Europe 1253 Lithuania
0%
Africa 1787 Madagascar
0%
Africa 1964 Malawi
0%
Asia 1140 Maldives
0%
Europe 1964 Malta
0%
Africa 1960 Mauritania
0%
Africa 1968 Mauritius
0%
Europe 1042 Montenegro
0%
Africa 1975 Mozambique
0%
Europe 872 Nowray
0%
Asia 1402 Philippines
0%
Europe 960 Poland
0%
Europe 1139 Portugal
0%
Asia 1971 Qatar
0%
Africa 1962 Rwanda
0%
Africa 1962 Rwanda
0%
North America 1979 Saint Lucia
0%
North America 1979 Saint Vincent and the Grenadines
0%
Africa 1975 São Tomé and Príncipe
0%
Africa 1960 Senegal
0%
Africa 1961 Sierra Leone
0%
Asia 1963 Singapore
0%
Europe 1516 Spain
0%
Africa 1968 Swaziland
0%
Asia 1911 Taiwan
0%
Africa 1961 Tanzania
0%
Asia 1975 Timor-Leste
0%
Africa 1960 Togo
0%
Europe 860 Ukraine
0%
Asia 1971 United Arab Emirates
0%
Europe 1800 United Kingdom
0%
Asia 1924 Uzbekistan
0%
Asia 1918 Yemen
0%
Africa 1964 Zambia
0%
Africa 1965 Zimbabwe
0%
No matching quizzes found
Score Distribution
Percent of People with Each Score
Percentile by Number Answered
Your Score History
You have not taken this quiz since the last reset